Ragazzo di zucchero /

Gespeichert in:
Bibliographische Detailangaben
1. Verfasser: Harvey, Ken
Weitere Verfasser: Scarlata, Carlotta
Format: Buch
Sprache:Italienisch
Veröffentlicht: Roma : Playground, 2010
Ausgabe:2. ed
Schriftenreihe:Playground
Tags: Tag hinzufügen
Keine Tags, Fügen Sie das erste Tag hinzu!

MARC

LEADER 00000nam a22000007i 4500
001 IT\ICCU\RML\0189780
003 ItRI
005 20241227125004.0
008 100219s2010 it |||||| ||||| |||||c
020 |a 9788889113462 
040 |b ita  |c ARCIGAY RIMINI 
041 7 |a ita  |2 ISO-639-2 
100 1 |a Harvey, Ken  |0 IT\ICCU\RAVV\430209 
245 1 0 |a Ragazzo di zucchero /  |c Ken Harvey ; traduzione di Carlotta Scarlata. 
250 |a 2. ed 
260 |a Roma :  |b Playground,  |c 2010 
300 |a 173 p. ;  |c 20 cm.  
700 1 |a Scarlata, Carlotta  |0 IT\ICCU\UBOV\865212 
830 0 |a Playground  |0 IT\ICCU\CFI\0739302 
942 |2 ddc  |c BK 
952 |0 0  |1 0  |2 ddc  |4 0  |6 813_540000000000000_HAR_RAG  |7 1  |9 2424  |a RN  |b RN  |d 2024-12-27  |l 0  |o 813.54 HAR RAG  |p 9877  |r 2024-12-27 12:51:37  |w 2024-12-27  |y BK 
981 1 |6 z01  |a i   |b xxxe  
982 1 |6 z01  |a n 
999 |c 2117  |d 2117